Ready for first certificate: coursebook

Saved in:
Bibliographic Details
Main Author: Norris, Roy (Author)
Format: Book
Language:English
Published: Oxford MacMillan Heinemann English language Teaching 2001
Subjects:
Tags: Add Tag
No Tags, Be the first to tag this record!

MARC

LEADER 00000nam a2200000 a 4500
001 UCM7761
003 CL-VaPUC
008 030110e20010000UK |||||||||||||||||eng|d
082 0 4 |a 428  |b NOR  |2 21 
100 |a Norris, Roy  |e author  |9 612187 
245 1 0 |a Ready for first certificate: coursebook 
300 |a 217 p 
942 |c BK 
945 |d 20030110 00:00:00  |a cmena 
260 |a Oxford  |b MacMillan Heinemann English language Teaching  |c 2001 
500 |a Complementario con: 3 cassettes y un Cd-rom 
650 0 |a Educación lingüística  |9 306506 
650 0 |a Enseñanza del inglés  |9 367340 
650 0 |a Lengua inglesa  |9 318842 
650 0 |a Métodos de enseñanza  |9 270413 
583 |a last modification  |c 20030110 00:00:00  |k Rodrigo Vera 
999 |c 302440  |d 302438 
952 |0 0  |1 0  |4 0  |6 428_000000000000000_NOR_2001  |7 0  |8 A  |9 363021  |a BIBEDU  |b BIBEDU  |d 2019-11-21  |i 3871614  |o 428 NOR 2001  |p 3871614  |r 2019-11-21  |w 2019-11-21  |y BK  |k LIT